| 000 | 00468nam a2200181Ia 4500 | ||
|---|---|---|---|
| 003 | 0100 | ||
| 005 | 20150813020024.0 | ||
| 008 | 130303s9999 xx 000 0 und d | ||
| 040 | _cARRUPELIB | ||
| 050 | _aKT379.5 2000 | ||
| 100 |
_aHobley, Charles William _916856 |
||
| 245 |
_aWithout the Law _btruth, lies and mistakes |
||
| 260 |
_aHarare _bWhole Earth Books _c2000 |
||
| 300 | _a176p. | ||
| 300 | _b 22cm | ||
| 650 |
_bChristianity _916857 |
||
| 942 |
_2lcc _01 |
||
| 999 |
_c64266 _d64266 |
||